| 000 | 00858nam a22001817a 4500 | ||
|---|---|---|---|
| 008 | 131128b xxu||||| |||| 00| 0 eng d | ||
| 020 | _a2825412082 | ||
| 050 |
_aBT83.55 _b.W66 1996 |
||
| 110 | _aWorld Council of Churches. | ||
| 245 |
_aWomen's perspectives : _barticulating the liberating power of the Gospel : seven essays. |
||
| 260 |
_aGeneva : _bWCC Publications, _c1996. |
||
| 300 |
_axii,51p. ; _c21cm |
||
| 440 |
_aGospel and cultures pamphlet ; _v14 |
||
| 500 | _a"These seven essays draw on presentations at workshops sponsored by the World Council of Churches at the forum for nongovernmental organizations during the 1995 UN women's conference in Beijing" - Back cover.Bibliography note: Includes bibliographical references. | ||
| 650 |
_aWoman _b _xWomen and religion _xChristianity |
||
| 650 | _aChristian women. | ||
| 942 |
_2lcc _cBK |
||
| 999 |
_c42622 _d42622 |
||